Demise and rebirth of Parliament : (Record no. 403)
[ view plain ]
| 000 -LEADER | |
|---|---|
| fixed length control field | 01270cam a2200349 i 4500 |
| 001 - CONTROL NUMBER | |
| control field | 20149715 |
| 003 - CONTROL NUMBER IDENTIFIER | |
| control field | OSt |
| 005 - DATE AND TIME OF LATEST TRANSACTION | |
| control field | 20230605125406.0 |
| 008 - FIXED-LENGTH DATA ELEMENTS--GENERAL INFORMATION | |
| fixed length control field | 171121s2017 ke a b 001 0 eng |
| 020 ## - INTERNATIONAL STANDARD BOOK NUMBER | |
| International Standard Book Number | 9789966530530 |
| 020 ## - INTERNATIONAL STANDARD BOOK NUMBER | |
| Canceled/invalid ISBN | 9966530530 |
| 040 ## - CATALOGING SOURCE | |
| Original cataloging agency | DLC |
| Language of cataloging | eng |
| Description conventions | rda |
| Transcribing agency | DLC |
| 042 ## - AUTHENTICATION CODE | |
| Authentication code | lcode |
| -- | pcc |
| 043 ## - GEOGRAPHIC AREA CODE | |
| Geographic area code | f-ke--- |
| 082 ## - DEWEY DECIMAL CLASSIFICATION NUMBER | |
| Classification number | 328.3046762 |
| Item number | GIC |
| 100 1# - MAIN ENTRY--PERSONAL NAME | |
| Personal name | Gicheru, H. B. Ndoria, |
| Relator term | author. |
| 245 10 - TITLE STATEMENT | |
| Title | Demise and rebirth of Parliament : |
| Remainder of title | a Kenyan paradigm / |
| Statement of responsibility, etc. | H.B. Ndoria Gicheru. |
| 264 #1 - PRODUCTION, PUBLICATION, DISTRIBUTION, MANUFACTURE, AND COPYRIGHT NOTICE | |
| Place of production, publication, distribution, manufacture | Nairobi, Kenya : |
| Name of producer, publisher, distributor, manufacturer | LawAfrica Publishing (K) Ltd., |
| Date of production, publication, distribution, manufacture, or copyright notice | [2017?] |
| 300 ## - PHYSICAL DESCRIPTION | |
| Extent | XXIV, 533p |
| Other physical details | illustrations ; |
| Dimensions | 21 cm. |
| 336 ## - CONTENT TYPE | |
| Content type term | text |
| Content type code | txt |
| Source | rdacontent |
| 337 ## - MEDIA TYPE | |
| Media type term | unmediated |
| Media type code | n |
| Source | rdamedia |
| 338 ## - CARRIER TYPE | |
| Carrier type term | volume |
| Carrier type code | nc |
| Source | rdacarrier |
| 490 0# - SERIES STATEMENT | |
| Series statement | Parliamentary politico-legal series |
| 500 ## - GENERAL NOTE | |
| General note | Errata slip inserted. |
| 504 ## - BIBLIOGRAPHY, ETC. NOTE | |
| Bibliography, etc | Includes bibliographical references (pages 523-524) and index. |
| 610 10 - SUBJECT ADDED ENTRY--CORPORATE NAME | |
| Corporate name or jurisdiction name as entry element | Kenya. |
| Subordinate unit | Parliament |
| General subdivision | History. |
| 610 10 - SUBJECT ADDED ENTRY--CORPORATE NAME | |
| Corporate name or jurisdiction name as entry element | Kenya. |
| Subordinate unit | National Assembly |
| General subdivision | History. |
| 710 2# - ADDED ENTRY--CORPORATE NAME | |
| Corporate name or jurisdiction name as entry element | LawAfrica (Firm), |
| Relator term | issuing body. |
| 906 ## - LOCAL DATA ELEMENT F, LDF (RLIN) | |
| a | 7 |
| b | ibc |
| c | origode |
| d | 2 |
| e | ncip |
| f | 20 |
| g | y-gencatlg |
| 942 ## - ADDED ENTRY ELEMENTS (KOHA) | |
| Source of classification or shelving scheme | Dewey Decimal Classification |
| Koha item type | Books |
| Withdrawn status | Lost status | Source of classification or shelving scheme | Damaged status | Not for loan | Home library | Current library | Date acquired | Total Checkouts | Full call number | Barcode | Date last seen | Price effective from | Koha item type |
|---|---|---|---|---|---|---|---|---|---|---|---|---|---|
| Dewey Decimal Classification | Bunge Tower Library | Bunge Tower Library | 06/05/2023 | 328.3046762 GIC | 1000789 | 06/05/2023 | 06/05/2023 | Books | |||||
| Dewey Decimal Classification | Bunge Tower Library | Bunge Tower Library | 06/05/2023 | 328.3046762 GIC | 1000790 | 06/05/2023 | 06/05/2023 | Books | |||||
| Dewey Decimal Classification | Bunge Tower Library | Bunge Tower Library | 06/05/2023 | 328.3046762 GIC | 1000791 | 06/05/2023 | 06/05/2023 | Books | |||||
| Dewey Decimal Classification | Bunge Tower Library | Bunge Tower Library | 06/05/2023 | 328.3046762 GIC | 1000792 | 06/05/2023 | 06/05/2023 | Books |
